01087pam a2200289 a 45000010008000000030004000080050017000120080041000290100017000700200015000870400018001020500022001200820017001421000028001592450062001872500012002492600055002613000063003165000045003795040064004246500013004887000045005019060045005469420040005919520149006319990017007803505357OSt20231122101022.0950419s1996 njuab b 001 0 eng  a 95017406  a0132219395 aDLCcDLCdDLC00aQH541b.S674 199600a574.5bSTI/E1 aStiling, Peter D.9992310aEcology :btheories and applications /cPeter D. Stiling. a2nd ed. aUpper Saddle River, N.J. :bPrentice Hall,cc1996. axx, 539 p. :bill. (some col.), maps (some col.) ;c24 cm. aRev. ed. of: Introductory ecology. 1992. aIncludes bibliographical references (p. 464-514) and index. 0aEcology.1 aStiling, Peter D.tIntroductory ecology. a7bcbccorignewd1eocipf19gy-gencatlg 2ddccBKh574.5iSTI/Ek574.5mSTI/E 00102ddc40708BIOLOGYaMESbMEScBOTANYd2023-11-22l2o574.5 STI/Ep43550r2025-08-29 11:40:13s2025-08-20v12500.00w2023-11-22yBKzGL18R2 c43653d43653